000 00412nam a22001577a 4500
999 _c3564
_d3564
008 200619b ||||| |||| 00| 0 eng d
082 0 0 _a623.8503
_bW3371
100 _91
_aWatson, G. O.
245 1 0 _aMarine electrical practice
_cby G. O. Watson
250 _a1st ed.
260 _aLondon
_bNewnes-Butterworths
_c1957
300 _aviii,325p.
365 _d22.75
650 0 _aElectrical Engineering
942 _cBK